Scritti di filosofia del diritto
Zapisane w:
| Główni autorzy: | , , |
|---|---|
| Kolejni autorzy: | |
| Format: | Książka |
| Język: | włoski |
| Wydane: |
Milán
Dott a Giuffré
1982
|
| Wydanie: | 1a. ed |
| Seria: | Seminario Giuridico della Universitá di Bologna, 85
|
| Hasła przedmiotowe: | |
| Etykiety: |
Dodaj etykietę
Nie ma etykietki, Dołącz pierwszą etykiete!
|
MARC
| LEADER | 00000cam a2200000 a 4500 | ||
|---|---|---|---|
| 001 | UCD4981 | ||
| 003 | CL-VaPUC | ||
| 008 | 160731e19820000it |||||||||||||||||ita|d | ||
| 082 | 0 | 4 | |a 340.01 |b FAS |2 21 |
| 100 | 0 | |a Fassò, Guido |e author |9 432860 | |
| 700 | |a Pattaro, Enrico |e autore |9 393608 | ||
| 700 | 0 | |a Faralli, Carla |e author |9 588695 | |
| 700 | 0 | |a Zucchini, Giampaolo |e author |9 588696 | |
| 245 | 1 | 0 | |a Scritti di filosofia del diritto |
| 250 | |a 1a. ed | ||
| 300 | |a v | ||
| 942 | |c BK | ||
| 945 | |d 20160731 21:25:00 |a arojas | ||
| 260 | |a Milán |b Dott a Giuffré |c 1982 | ||
| 650 | 0 | |a Filosofía del derecho |9 255050 | |
| 650 | 0 | |a Teoría del derecho |9 255982 | |
| 583 | |a last modification |c 20160731 21:25:00 |k Rodrigo Vera | ||
| 490 | 0 | |a Seminario Giuridico della Universitá di Bologna, 85 | |
| 999 | |c 365759 |d 365757 | ||
| 952 | |0 0 |1 0 |3 erb |4 0 |6 340_010000000000000_FAS_1982 |7 0 |8 A |9 479709 |a BIBDER |b BIBDER |h v.1 |i 5299608 |o 340.01 FAS 1982 |p 5299608 |r 2023-01-25 |w 2019-11-24 |y BK |z Catalogado en:20160731 |k DER | ||
| 952 | |0 0 |1 0 |3 erb |4 0 |6 340_010000000000000_FAS_1982 |7 0 |8 A |9 479710 |a BIBDER |b BIBDER |h v.2 |i 5299594 |o 340.01 FAS 1982 |p 5299594 |r 2023-01-25 |w 2019-11-24 |y BK |z Catalogado en:20160731 |k DER | ||
| 952 | |0 0 |1 0 |3 erb |4 0 |6 340_010000000000000_FAS_1982 |7 0 |8 A |9 479711 |a BIBDER |b BIBDER |h v.3 |i 5299586 |o 340.01 FAS 1982 |p 5299586 |r 2023-01-25 |w 2019-11-24 |y BK |z Catalogado en:20160731 |k DER | ||